[Event "GER-chB Seniors 27th"]
[Site "Magdeburg"]
[Date "2015.08.15"]
[Round "1"]
[White "Pamperin, Gerhard"]
[Black "Essig, Gerd"]
[Result "1-0"]
[WhiteElo "1948"]
[BlackElo "1744"]
[PlyCount "79"]
[EventDate "2015.08.15"]
[EventType "swiss"]
[EventRounds "9"]
[EventCountry "GER"]
[SourceTitle "EXT 2018"]
[Source "ChessBase"]
[SourceDate "2017.10.13"]
[SourceVersion "1"]
[SourceVersionDate "2017.10.13"]
[SourceQuality "1"]

1. d4 d5 2. Nf3 Nf6 3. c4 e6 4. Nc3 Bb4 5. Bd2 0-0 6. e3 c6 7. a3 Bd6 8. Bd3 Re8 9. 0-0 a6 10. b4 Nbd7 11. Qc2 dxc4 12. Bxc4 e5 13. dxe5 Nxe5 14. Be2 Qc7 15. h3 Be6 16. Na4 Bd5 17. Nxe5 Bxe5 18. Bc3 Ne4 19. Bxe5 Qxe5 20. Nc5 Nxc5 21. Qxc5 Qf6 22. Rfd1 Qg6 23. Bf1 Be6 24. Kh2 Qf6 25. Kg1 Bb3 26. Rdb1 Rad8 27. Be2 Rd2 28. Bf3 Red8 29. Rf1 Be6 30. Qb6 Qe7 31. Rfd1 Bb3 32. Rf1 g6 33. a4 h5 34. b5 axb5 35. axb5 Bd5 36. Bxd5 cxd5 37. Ra7 Rd7 38. Qa5 Rc2 39. Ra8+ Rd8 40. Rxd8+ 1-0

[Event "GER-chB Seniors 26th"]
[Site "Bad Neuenahr"]
[Date "2014.08.12"]
[Round "8"]
[White "Essig, Gerd"]
[Black "Haakert, Karl"]
[Result "1/2-1/2"]
[WhiteElo "1500"]
[BlackElo "1887"]
[PlyCount "23"]
[EventDate "2014.08.05"]
[EventType "swiss"]
[EventRounds "9"]
[EventCountry "GER"]
[SourceTitle "EXT 2018"]
[Source "ChessBase"]
[SourceDate "2017.10.13"]
[SourceVersion "1"]
[SourceVersionDate "2017.10.13"]
[SourceQuality "1"]

1. e4 e5 2. Nf3 Nf6 3. Nc3 Nc6 4. Bb5 Nd4 5. 0-0 Nxb5 6. Nxb5 d6 7. Nc3 c6 8. d4 Qc7 9. h3 Be7 10. Nh2 h6 11. f4 0-0 12. Kh1 1/2-1/2